| 000 | 01030nam a2200289 4500 | ||
|---|---|---|---|
| 003 | OSt | ||
| 005 | 20260601193404.0 | ||
| 008 | 260507b1970 enka|||| |||| 001 0 eng d | ||
| 040 |
_aICI _bspa _cICI |
||
| 041 | _aeng | ||
| 050 |
_aNK1390 _bP48 |
||
| 100 | 1 |
_aSchaefer, Herwin, _eautor _935263 |
|
| 245 | 1 |
_aThe roots of modern design : _bfunctional tradition in the 19th century / _cby Herwin Schaefer |
|
| 264 |
_aLondon : _bStudio Vista, _c1970 |
||
| 300 |
_a211 páginas : _bilustraciones |
||
| 336 |
_atexto _2rdacontent |
||
| 337 |
_asin medio _2rdamedia |
||
| 338 |
_avolumen _2rdacarrier |
||
| 500 | _aEstudio histórico sobre las raíces funcionalistas del diseño moderno en el siglo XIX. | ||
| 650 |
_aDiseño industrial _xHistoria _ySiglo XIX _935264 |
||
| 650 |
_aDiseño moderno _xHistoria _935265 |
||
| 650 |
_aFuncionalismo (Arte) _935266 |
||
| 650 |
_aArtes decorativas _ySiglo XIX _935267 |
||
| 650 |
_aDiseño de productos _xHistoria _935268 |
||
| 655 |
_2local _aEstudios históricos _935269 |
||
| 942 |
_2lcc _cB _n1 |
||
| 999 |
_c21057 _d21057 |
||